Normal view
MARC view
- Classification, Dewey decimal
Entry Topical Term
001 - CONTROL NUMBER
- control field: 904
003 - CONTROL NUMBER IDENTIFIER
- control field: OSt
005 - DATE AND TIME OF LATEST TRANSACTION
- control field: 20170503154725.0
008 - FIXED-LENGTH DATA ELEMENTS
- fixed length control field: 170503|| aca||aabn | a|a d
040 ## - CATALOGING SOURCE
- Original cataloging agency: OSt
- Transcribing agency: OSt
150 ## - HEADING--TOPICAL TERM
- Topical term or geographic name entry element: Classification, Dewey decimal
670 ## - SOURCE DATA FOUND
- Source citation: Work cat.: (OSt): Senarai ringkas sistem pengkelasan perpuluhan Dewey untuk perpustakaan-perpustakaan sekolah di Malaysia = Abridged Dewey decimal classification for school libraries in Malaysia , 1982

PORTAL AKMAL
E-MEL JKDM
AKMAL2U
G-BAM
u-PUSTAKA